One hundred years of quantity surveying (Record no. 106504)

MARC details
000 -LEADER
fixed length control field 01021cam a2200229 4500
001 - CONTROL NUMBER
control field L136767
008 - FIXED-LENGTH DATA ELEMENTS--GENERAL INFORMATION
fixed length control field 070222n2007 000 0 eng u
020 ## - INTERNATIONAL STANDARD BOOK NUMBER
International Standard Book Number 9780952823636
035 ## - SYSTEM CONTROL NUMBER
System control number (Sirsi) u136767
041 0# - LANGUAGE CODE
Language code of text/sound track or separate title eng
050 04 - LIBRARY OF CONGRESS CALL NUMBER
Classification number 692.5 $2 18
100 1# - MAIN ENTRY--PERSONAL NAME
Personal name Aston, Gordon
245 00 - TITLE STATEMENT
Title One hundred years of quantity surveying
Remainder of title the annals of Patterson and Kepster 1860 - 1960
260 ## - PUBLICATION, DISTRIBUTION, ETC.
Place of publication, distribution, etc. Dublin
Name of publisher, distributor, etc. Hinds
Date of publication, distribution, etc. 2007
300 ## - PHYSICAL DESCRIPTION
Extent xvi, 214p.
Dimensions 31cm.
505 2# - FORMATTED CONTENTS NOTE
Formatted contents note Foundation: Patterson as sole proprietor -- Partnership: Patterson and Kempster 1872-1907 -- Partnership: Kempster and Anthony 1908-1918 -- Partnership: Anthony 1918-1948 -- Partnership: Anthony and Aston 1948-1955; Ashton 1955-1960
520 ## - SUMMARY, ETC.
Summary, etc. Discusses the evolution of the surveying profession as experienced through the one hundred year history of a surveying firm. Discusses how contracts can be handled and how pricing can be calculated and fixed.
590 ## - LOCAL NOTE (RLIN)
Local note KA
651 #4 - SUBJECT ADDED ENTRY--GEOGRAPHIC NAME
Geographic name IRELAND
690 ## - LOCAL SUBJECT ADDED ENTRY--TOPICAL TERM (OCLC, RLIN)
Topical term or geographic name as entry element Quantity surveying
9 (RLIN) 6263
942 ## - ADDED ENTRY ELEMENTS (KOHA)
Suppress in OPAC 0
Holdings
Withdrawn status Lost status Source of classification or shelving scheme Damaged status Not for loan Home library Current library Shelving location Date acquired Total Checkouts Full call number Barcode Date last seen Date last checked out Copy number Price effective from Koha item type
    Dewey Decimal Classification     London London Books 26/02/2007 1 F 692.5 AST 30073693 06/08/2019 10/11/2009 1 06/08/2019 Book